Grand crus classés1855 - Statistiques

Statistiques générales
  • Ce quiz a été pris 11 fois
  • Le résultat moyen est 40 sur 88
Statistiques - réponses
Crus Terroirs / AOC Châteaux % Correct
PREMIERS CRUS Pauillac Château LATOUR – Pauillac
100%
PREMIERS CRUS Margaux Château MARGAUX – Margaux
100%
PREMIERS CRUS Pauillac Château MOUTON ROTHSCHILD – Pauillac
100%
QUATRIÈMES CRUS Saint-Julien Château BEYCHEVELLE – Saint-Julien
80%
TROISIÈMES CRUS Margaux Château CANTENAC BROWN – Margaux
80%
PREMIERS CRUS / BLANC Barsac Château CLIMENS – Barsac
80%
DEUXIÈMES CRUS Saint-Estèphe Château COS d'ESTOURNEL – Saint-Estèphe
80%
PREMIER CRU SUPÉRIEUR / BLANC Sauternes Château d’Yquem – Sauternes
80%
PREMIERS CRUS Pessac Château HAUT-BRION – Pessac
80%
PREMIERS CRUS Pauillac Château LAFITE-ROTHSCHILD – Pauillac
80%
DEUXIÈMES CRUS Pauillac Château PICHON BARON – Pauillac
80%
DEUXIÈMES CRUS Margaux Château RAUZAN-GASSIES – Margaux
80%
DEUXIÈMES CRUS Margaux Château RAUZAN-SÉGLA – Margaux
80%
CINQUIÈMES CRUS Pauillac Château BATAILLEY – Pauillac
60%
DEUXIÈMES CRUS Margaux Château BRANE-CANTENAC – Margaux
60%
DEUXIÈMES CRUS / BLANC Barsac Château CAILLOU – Barsac
60%
CINQUIÈMES CRUS Haut-Médoc Château CANTEMERLE – Haut-Médoc
60%
CINQUIÈMES CRUS Saint-Estèphe Château COS LABORY – Saint-Estèphe
60%
PREMIERS CRUS / BLANC Barsac Château COUTET – Barsac
60%
DEUXIÈMES CRUS / BLANC Sauternes Château de MALLE – Sauternes
60%
TROISIÈMES CRUS Margaux Château d'ISSAN – Margaux
60%
DEUXIÈMES CRUS Saint-Julien Château DUCRU-BEAUCAILLOU – Saint-Julien
60%
CINQUIÈMES CRUS Pauillac Château GRAND-PUY DUCASSE – Pauillac
60%
CINQUIÈMES CRUS Pauillac Château GRAND-PUY-LACOSTE – Pauillac
60%
DEUXIÈMES CRUS Saint-Julien Château GRUAUD LAROSE – Saint-Julien
60%
CINQUIÈMES CRUS Pauillac Château HAUT-BATAILLEY – Pauillac
60%
TROISIÈMES CRUS Margaux Château KIRWAN – Margaux
60%
TROISIÈMES CRUS Saint-Julien Château LAGRANGE – Saint-Julien
60%
TROISIÈMES CRUS Haut-Médoc Château LA LAGUNE – Haut-Médoc
60%
DEUXIÈMES CRUS Margaux Château LASCOMBES – Margaux
60%
DEUXIÈMES CRUS Saint-Julien Château LÉOVILLE BARTON – Saint-Julien
60%
DEUXIÈMES CRUS Saint-Julien Château LÉOVILLE LAS CASES – Saint-Julien
60%
DEUXIÈMES CRUS Saint-Julien Château LÉOVILLE-POYFERRÉ – Saint-Julien
60%
CINQUIÈMES CRUS Pauillac Château LYNCH-MOUSSAS – Pauillac
60%
TROISIÈMES CRUS Margaux Château PALMER – Margaux
60%
DEUXIÈMES CRUS Pauillac Château PICHON LONGUEVILLE COMTESSE de LALANDE – Pauillac
60%
PREMIERS CRUS / BLANC Sauternes Château SUDUIRAUT – Sauternes
60%
QUATRIÈMES CRUS Saint-Julien Château TALBOT – Saint-Julien
60%
CINQUIÈMES CRUS Haut-Médoc Château BELGRAVE – Haut-Médoc
40%
TROISIÈMES CRUS Margaux Château BOYD-CANTENAC – Margaux
40%
TROISIÈMES CRUS Saint-Estèphe Château CALON SÉGUR – Saint-Estèphe
40%
CINQUIÈMES CRUS Pauillac Château CLERC MILON – Pauillac
40%
CINQUIÈMES CRUS Pauillac Château d'ARMAILHAC – Pauillac
40%
CINQUIÈMES CRUS Margaux Château DAUZAC – Margaux
40%
CINQUIÈMES CRUS Haut-Médoc Château de CAMENSAC – Haut-Médoc
40%
QUATRIÈMES CRUS Pauillac Château DUHART-MILON – Pauillac
40%
DEUXIÈMES CRUS Margaux Château DURFORT-VIVENS – Margaux
40%
TROISIÈMES CRUS Margaux Château GISCOURS – Margaux
40%
CINQUIÈMES CRUS Pauillac Château HAUT-BAGES LIBÉRAL – Pauillac
40%
TROISIÈMES CRUS Saint-Julien Château LANGOA BARTON – Saint-Julien
40%
CINQUIÈMES CRUS Pauillac Château LYNCH-BAGES – Pauillac
40%
TROISIÈMES CRUS Margaux Château MALESCOT SAINT-EXUPÉRY – Margaux
40%
CINQUIÈMES CRUS Pauillac Château PÉDESCLAUX – Pauillac
40%
CINQUIÈMES CRUS Pauillac Château PONTET-CANET – Pauillac
40%
QUATRIÈMES CRUS Margaux Château PRIEURÉ-LICHINE – Margaux
40%
PREMIERS CRUS / BLANC Sauternes Château RIEUSSEC – Sauternes
40%
QUATRIÈMES CRUS Saint-Julien Château SAINT-PIERRE – Saint-Julien
40%
PREMIERS CRUS / BLANC Sauternes Château SIGALAS RABAUD – Sauternes
40%
QUATRIÈMES CRUS Saint-Julien Château BRANAIRE-DUCRU – Saint-Julien
20%
DEUXIÈMES CRUS / BLANC Barsac Château BROUSTET – Barsac
20%
CINQUIÈMES CRUS Pauillac Château CROIZET-BAGES – Pauillac
20%
DEUXIÈMES CRUS / BLANC Sauternes Château d’ARCHE – Sauternes
20%
DEUXIÈMES CRUS / BLANC Barsac Château de MYRAT – Barsac
20%
PREMIERS CRUS / BLANC Sauternes Château de RAYNE VIGNEAU – Sauternes
20%
TROISIÈMES CRUS Margaux Château DESMIRAIL – Margaux
20%
DEUXIÈMES CRUS / BLANC Barsac Château DOISY DAËNE – Barsac
20%
DEUXIÈMES CRUS / BLANC Barsac Château DOISY-DUBROCA – Barsac
20%
DEUXIÈMES CRUS / BLANC Barsac Château DOISY-VÉDRINES – Barsac
20%
CINQUIÈMES CRUS Margaux Château du TERTRE – Margaux
20%
TROISIÈMES CRUS Margaux Château FERRIÈRE – Margaux
20%
DEUXIÈMES CRUS / BLANC Sauternes Château FILHOT – Sauternes
20%
PREMIERS CRUS / BLANC Sauternes Château GUIRAUD – Sauternes
20%
PREMIERS CRUS / BLANC Sauternes Château LAFAURIE-PEYRAGUEY – Sauternes
20%
QUATRIÈMES CRUS Saint-Estèphe Château LAFON-ROCHET – Saint-Estèphe
20%
DEUXIÈMES CRUS / BLANC Sauternes Château LAMOTHE-GUIGNARD – Sauternes
20%
DEUXIÈMES CRUS / BLANC Sauternes Château LAMOTHE – Sauternes
20%
PREMIERS CRUS / BLANC Sauternes Château LA TOUR BLANCHE – Sauternes
20%
QUATRIÈMES CRUS Haut-Médoc Château LA TOUR CARNET – Haut-Médoc
20%
TROISIÈMES CRUS Margaux Château MARQUIS d'ALESME BECKER – Margaux
20%
QUATRIÈMES CRUS Margaux Château MARQUIS de TERME – Margaux
20%
DEUXIÈMES CRUS Saint-Estèphe Château MONTROSE – Saint-Estèphe
20%
DEUXIÈMES CRUS / BLANC Barsac Château NAIRAC – Barsac
20%
QUATRIÈMES CRUS Margaux Château POUGET – Margaux
20%
PREMIERS CRUS / BLANC Sauternes Château RABAUD-PROMIS – Sauternes
20%
DEUXIÈMES CRUS / BLANC Sauternes Château ROMER du HAYOT – Sauternes
20%
DEUXIÈMES CRUS / BLANC Sauternes Château ROMER – Sauternes
20%
DEUXIÈMES CRUS / BLANC Barsac Château SUAU – Barsac
20%
PREMIERS CRUS / BLANC Sauternes Clos HAUT-PEYRAGUEY – Sauternes
20%
Aucun quiz correspondant
Distribution des résultats
% des personnes avec chaque résultat
Percentile par nombre de réponses
Votre historique - résultats
Vous n’avez pas pris ce quiz